Losing US Vice President Candidates - Statistics

General Stats
  • This quiz has been taken 584 times
  • The average score is 26 of 65
Answer Stats
Hint Answer % Correct
2020 Donald Trump Mike Pence
94%
1980 Jimmy Carter Walter Mondale
89%
1992 George HW Bush Dan Quayle
88%
2008 John McCain Sarah Palin
88%
2016 Hillary Clinton Tim Kaine
83%
2012 Mitt Romney Paul Ryan
80%
2000 Al Gore Joe Lieberman
76%
1984 Walter Mondale Geraldine Ferraro
74%
1976 Gerald Ford Bob Dole
72%
2004 John Kerry John Edwards
72%
1796 Thomas Jefferson Aaron Burr
67%
1920 James Cox Franklin Roosevelt
67%
1960 Richard Nixon Henry Lodge Jr
63%
1988 Michael Dukakis Lloyd Bentsen
62%
1996 Bob Dole Jack Kemp
59%
1932 Herbert Hoover Charles Curtis
58%
1900 William Jennings Bryan Adlai Stevenson I
55%
1968 Hubert Humphrey Edmund Muskie
54%
1860 Stephen Douglas Herschel Johnson
52%
1912 Theodore Roosevelt Hiram Johnson
52%
1824 Andrew Jackson John Calhoun
52%
1972 George McGovern Sargent Shriver
51%
1800 John Adams Charles Pinckney
50%
1804 Charles Pinckney Rufus King
49%
1808 Charles Pinckney Rufus King
49%
1956 Adlai Stevenson II Estes Kefauver
48%
1948 Thomas Dewey Earl Warren
44%
1964 Barry Goldwater William Miller
44%
1968 George Wallace Curtis LeMay
41%
1924 John Davis Charles Bryan
39%
1916 Charles Evans Hughes Charles Fairbanks
39%
1952 Adlai Stevenson II John Sparkman
37%
1876 Samuel Tilden Thomas Hendricks
31%
1936 Alf Landon Frank Knox
28%
1944 Thomas Dewey John Bricker
28%
1940 Wendell Willkie Charles McNary
27%
1872 Horace Greeley Benjamin Brown
25%
1924 Robert La Follette Burton Wheeler
25%
1904 Alton Parker Henry Davis
25%
1844 Henry Clay Theodore Frelinghuysen
23%
1912 William Howard Taft Nicholas Butler
22%
1848 Lewis Cass William Butler
22%
1896 William Jennings Bryan Arthur Sewall/Thomas Watson
21%
1928 Al Smith Joseph Robinson
21%
1864 George McClellan George Pendleton
20%
1828 John Quincy Adams Richard Rush
20%
1892 Benjamin Harrison Whitelaw Reid
20%
1948 Strom Thurmond Fielding Wright
19%
1836 William Harrison Francis Granger
19%
1908 William Jennings Bryan John Kern
18%
1888 Grover Cleveland Allen Thurman
17%
1812 DeWitt Clinton Jared Ingersoll
17%
1868 Horatio Seymour Francis Blair Jr
16%
1816 Rufus King John Howard
16%
1884 James Blaine John Logan
16%
1860 John Breckinridge Joseph Lane
16%
1880 Winfield Scott Hancock William English
16%
1860 John Bell Edward Everett
15%
1856 John Fremont William Dayton
15%
1856 Millard Fillmore Andrew Donelson
13%
1832 Henry Clay John Sergeant
13%
1852 Winfield Scott William Graham
13%
1824 Henry Clay Nathan Sanford
12%
1892 James Weaver James Field
11%
1824 William Crawford Nathaniel Macon
11%
No matching quizzes found
Score Distribution
Percent of People with Each Score
Percentile by Number Answered
Your Score History
You have not taken this quiz